| 000 | 00000nam 2200000zi 4500 |
| 001 | 9.903748 |
| 003 | CaOODSP |
| 005 | 20250107144056 |
| 006 | m o d f |
| 007 | cr ||||||||||| |
| 008 | 210929e202202##onca obs f000 0 eng d |
| 020 | |a9780660404998 |
| 040 | |aCaOODSP|beng|erda|cCaOODSP |
| 043 | |an-cn--- |
| 086 | 1 |aHP40-298/1-2019E-PDF |
| 245 | 00|aMosquito-borne diseases surveillance report : |bannual edition (2019 - preliminary). |
| 264 | 1|aOttawa, ON : |bPublic Health Agency of Canada = Agence de la santé publique du Canada, |cFebruary 2022. |
| 264 | 4|c©2022 |
| 300 | |a1 online resource (11 pages) : |billustrations |
| 336 | |atext|btxt|2rdacontent |
| 337 | |acomputer|bc|2rdamedia |
| 338 | |aonline resource|bcr|2rdacarrier |
| 500 | |aIssued also in French under title: Rapport de surveillance des maladies transmises par les moustiques : édition annuelle (2019 - rapport préliminaire). |
| 500 | |aIssued also in HTML format. |
| 504 | |aIncludes bibliographical references (page 11). |
| 650 | 0|aMosquitoes as carriers of disease|zCanada|vStatistics. |
| 650 | 0|aWest Nile fever|zCanada|vStatistics. |
| 655 | 7|aStatistics|2lcgft |
| 710 | 2 |aPublic Health Agency of Canada, |eissuing body. |
| 775 | 08|tRapport de surveillance des maladies transmises par les moustiques : |w(CaOODSP)9.903750 |
| 856 | 40|qPDF|s2.01 MB|uhttps://publications.gc.ca/collections/collection_2022/aspc-phac/HP40-298-1-2019-eng.pdf |
| 856 | 4 |qHTML|sN/A|uhttps://www.canada.ca/en/public-health/services/publications/diseases-conditions/mosquito-borne-diseases-surveillance-annual-report-2019.html |
| 986 | |a210344 |